[Event "Challenge"]
[Site "http://www.queenalice.com/game.php?id=291823"]
[Date "2007.10.23"]
[Round "-"]
[White "moisesdfilho"]
[Black "shtrubi"]
[Result "0-1"]
[WhiteElo "1414"]
[BlackElo "2387"]

1. e4 c5 2. Qg4 d5 3. Bd3 Bxg4 4. exd5 Qxd5 5. h3 Qxg2 6. hxg4 Qxh1 7. Kf1 Nf6
8. b3 Nxg4 9. Nc3 Nh2+ 10. Ke2 Nc6 11. Nf3 Qxf3+ 12. Ke1 Nd4 0-1

[Event "AUTO-OPEN-372"]
[Site "http://www.queenalice.com/game.php?id=311338"]
[Date "2007.11.28"]
[Round "3"]
[White "shtrubi"]
[Black "PowerGuido"]
[Result "0-1"]
[WhiteElo "2399"]
[BlackElo "2305"]

1. d4 Nf6 2. c4 g6 3. Nc3 Bg7 4. e4 d6 5. Be2 O-O 6. Nf3 c5 7. d5 e6 8. O-O exd5
9. exd5 Re8 10. Bd3 Bg4 11. h3 Bxf3 12. Qxf3 Nbd7 13. Qd1 Nh5 14. g4 Bxc3 15.
bxc3 Nhf6 16. Bg5 Kg7 17. Rb1 Rb8 18. f4 Qa5 19. Qc2 b5 20. Bxf6+ Nxf6 21. g5
Nh5 22. Rxb5 Rxb5 23. cxb5 Re3 24. Kg2 Qc7 25. Be2 Ng3 26. Rf2 c4 27. Bf3 Nf5
28. Bg4 Ne7 29. Rf3 Nxd5 30. Rf2 Nxc3 31. Qc1 Nd5 32. f5 c3 33. fxg6 hxg6 34.
Qc2 Re5 0-1

[Event "AUTO-OPEN-372"]
[Site "http://www.queenalice.com/game.php?id=311339"]
[Date "2007.11.28"]
[Round "3"]
[White "PowerGuido"]
[Black "shtrubi"]
[Result "1-0"]
[WhiteElo "2338"]
[BlackElo "2397"]

1. c4 c6 2. Nf3 d5 3. b3 Bg4 4. e3 Nf6 5. h3 Bxf3 6. Qxf3 Nbd7 7. Be2 e6 8. O-O
dxc4 9. bxc4 Ne5 10. Qg3 Nd3 11. Nc3 Qd7 12. Rb1 O-O-O 13. Bb2 Qc7 14. Qxc7+
Kxc7 15. Ba1 h5 16. Rfd1 b6 17. Na4 Ne4 18. f3 Nf6 19. Bc3 h4 20. Rb3 Nc5 21.
Nxc5 Bxc5 22. d4 Bd6 23. a4 Rb8 24. Ra1 Kd7 25. Rb2 Rhc8 26. Bd3 c5 27. a5 cxd4
28. Bxd4 Bc5 29. Kf2 Bxd4 30. exd4 bxa5 31. Rxb8 Rxb8 32. Rxa5 Rb7 33. Ke3 Kc7
34. Bc2 Kb6 35. Rg5 g6 36. Rc5 Nd7 37. Rb5+ Kc7 38. Ra5 Nb6 39. Kd3 Kd7 40. Rg5
Rb8 41. Rb5 Kc7 42. Ra5 Rb7 43. f4 Kd7 44. Rg5 Rb8 45. Bd1 Nc8 46. Ra5 1-0

[Event "AUTO-OPEN-372"]
[Site "http://www.queenalice.com/game.php?id=311340"]
[Date "2007.11.28"]
[Round "3"]
[White "shtrubi"]
[Black "Newcobos"]
[Result "0-1"]
[WhiteElo "2361"]
[BlackElo "2081"]

1. d4 d5 2. c4 c6 3. Nf3 Nf6 4. Nc3 e6 5. e3 Bd6 6. Bd3 Nbd7 7. O-O O-O 8. e4
dxe4 9. Nxe4 Nxe4 10. Bxe4 Qc7 11. Bc2 h6 12. Qd3 f5 13. c5 Bf4 14. Bb3 Nf6 15.
Qxf5 Bxc1 16. Raxc1 Kh8 17. Qd3 Ng4 18. g3 e5 19. Nxe5 Nxe5 20. dxe5 Qxe5 21.
Qd6 Qxd6 22. cxd6 Rf6 23. Rfd1 Bg4 24. Rd4 h5 25. d7 Rd8 26. Re1 Rxd7 27. Re8+
Kh7 28. Bc2+ Rg6 29. Rf4 Kh6 0-1

[Event "AUTO-OPEN-372"]
[Site "http://www.queenalice.com/game.php?id=311341"]
[Date "2007.11.28"]
[Round "3"]
[White "Newcobos"]
[Black "shtrubi"]
[Result "1-0"]
[WhiteElo "2052"]
[BlackElo "2383"]

1. d4 d5 2. c4 Nc6 3. Nf3 Bg4 4. e3 e5 5. dxe5 dxc4 6. Be2 Qxd1+ 7. Bxd1 O-O-O
8. Nc3 Bb4 9. O-O Bxf3 10. Bxf3 Nxe5 11. Be2 Nf6 12. f3 Nd3 13. e4 Bc5+ 14. Kh1
Nf2+ 15. Rxf2 Bxf2 16. Bxc4 Bd4 17. Bg5 h6 18. Bxf6 Bxf6 19. Bxf7 Rd2 20. Rb1
Rhd8 21. h3 Bxc3 22. Be6+ Kb8 23. bxc3 Rd1+ 24. Rxd1 Rxd1+ 25. Kh2 Rc1 26. e5
Rxc3 27. Kg3 c5 28. Kg4 Rc2 29. g3 c4 30. f4 c3 31. Bb3 Re2 32. Kf5 c2 33. Bxc2
Rxc2 34. Kg6 Rxa2 35. Kxg7 a5 36. e6 a4 37. f5 Re2 38. Kf7 1-0

[Event "Let's Play Chess!"]
[Site "http://www.queenalice.com/game.php?id=311563"]
[Date "2007.11.28"]
[Round "-"]
[White "junelorena"]
[Black "shtrubi"]
[Result "0-1"]
[WhiteElo "1567"]
[BlackElo "2384"]

1. Nc3 c5 2. d3 d5 3. e4 dxe4 4. f3 exd3 5. Bxd3 Nf6 6. Be3 e6 7. Nge2 Nc6 8.
O-O Be7 9. f4 O-O 10. Ng3 Nb4 11. f5 Nxd3 12. cxd3 Nd5 13. Nxd5 Qxd5 14. fxe6
Bxe6 15. Ne4 Rad8 16. Qc2 Qxd3 17. Qxd3 Rxd3 18. Rae1 Bxa2 19. Ng5 Rxe3 20. Rxe3
Bxg5 21. Ra3 Bc4 22. Rd1 a6 23. g3 Bf6 24. b3 Bb5 25. Ra2 Bd4+ 26. Kg2 Bc6+ 27.
Kh3 f5 28. Rf1 Rf6 29. Re2 Rh6# 0-1

[Event "Let's Play Chess!"]
[Site "http://www.queenalice.com/game.php?id=311564"]
[Date "2007.11.28"]
[Round "-"]
[White "shtrubi"]
[Black "junelorena"]
[Result "1-0"]
[WhiteElo "2396"]
[BlackElo "1457"]

1. d4 Nf6 2. c4 g6 3. Nc3 Bg7 4. e4 d6 5. Nf3 b6 6. Bd3 c5 7. d5 Bg4 8. Qa4+
Nbd7 9. Nd2 O-O 10. f4 Nh5 11. Be2 Bxe2 12. Nxe2 Ndf6 13. O-O Ng4 14. h3 Ne3 15.
Rf2 e6 16. Nf3 Nxg2 17. Kxg2 f5 18. exf5 Rxf5 19. dxe6 Qe7 20. Qd7 Qxd7 21. exd7
Rd8 22. Nh4 Rf7 23. Ng3 Nxg3 24. Kxg3 Rdxd7 25. Be3 Rde7 26. Ng2 Bxb2 27. Rxb2
Re4 28. Rc2 Kg7 29. Rd1 Rd7 30. Rcd2 Rxc4 31. Rxd6 Rxd6 32. Rxd6 b5 33. Rd7+ Kf6
34. Rxa7 Rc2 35. Rxh7 c4 36. Rb7 1-0

[Event "Let's Play Chess!"]
[Site "http://www.queenalice.com/game.php?id=311601"]
[Date "2007.11.28"]
[Round "-"]
[White "junelorena"]
[Black "shtrubi"]
[Result "0-1"]
[WhiteElo "1737"]
[BlackElo "2386"]

1. Nc3 c5 2. g3 d5 3. Bg2 d4 4. Na4 e5 5. d3 Bd6 6. c3 Nf6 7. c4 O-O 8. e4 b5 9.
cxb5 Qa5+ 10. Bd2 Qxb5 11. b3 Qxd3 12. Ne2 Nxe4 13. Bxe4 Qxe4 14. O-O Bh3 15. f3
Qg6 16. Rf2 Nd7 17. f4 e4 18. f5 Bxf5 19. Nf4 Bxf4 20. Rxf4 e3 21. Ba5 d3 22.
Nc3 Rfe8 23. Nd5 e2 24. Qe1 Re5 25. Nc3 Rae8 26. Bc7 Re3 27. Nd5 d2 28. Qxd2
e1=Q+ 29. Rxe1 Rxe1+ 30. Kg2 R8e2+ 31. Qxe2 Rxe2+ 32. Kf1 Bd3 33. Kg1 Qc6 0-1

[Event "Let's Play Chess!"]
[Site "http://www.queenalice.com/game.php?id=312016"]
[Date "2007.12.2"]
[Round "-"]
[White "jwh"]
[Black "shtrubi"]
[Result "0-1"]
[WhiteElo "1851"]
[BlackElo "2385"]

1. e4 c5 2. b4 cxb4 3. a3 b3 4. cxb3 d5 5. exd5 Nf6 6. Bb5+ Bd7 7. Bxd7+ Qxd7 8.
Nf3 g6 9. Bb2 Bg7 10. Bxf6 Bxf6 11. Nc3 O-O 12. O-O Na6 13. Re1 Nc7 14. Ne5 Qd6
15. Nc4 Qc5 16. Qf3 Bxc3 17. dxc3 Nxd5 18. Ne5 Nf6 19. Qxb7 Rab8 20. Qc6 Qxc6
21. Nxc6 Rxb3 22. c4 e6 23. Nxa7 Ra8 24. Nb5 Ra4 25. Rac1 Nd7 26. f3 Kf8 27. Re4
Ke7 28. Re2 Nb6 29. Rec2 e5 30. Nc7 Ra7 31. Nb5 Rd7 32. a4 Nxa4 33. Re1 Kf6 34.
Rce2 Nb6 35. Rxe5 Nxc4 36. Rc5 Rd2 37. Nc7 Ne3 38. Ne8+ Ke6 39. g3 Rg2+ 40. Kh1
Re2 41. Rcc1 Rc3 42. Ra1 Ra3 43. Rab1 Raa2 44. Nc7+ Ke5 45. Rxe2 Rxe2 46. Ne8 h5
47. Kg1 Rg2+ 48. Kh1 Re2 49. Kg1 h4 50. f4+ Ke4 51. Nd6+ Kf3 52. Nxf7 hxg3 53.
hxg3 Kxg3 54. Ne5 Rg2+ 55. Kh1 Kxf4 56. Nxg6+ Rxg6 57. Rb8 Kg3 58. Re8 Ng4 59.
Kg1 Rf6 60. Rg8 Kf3 61. Kf1 Re6 62. Rf8+ Kg3 63. Rg8 Re7 64. Rg5 Re8 65. Rg7 Kf4
66. Rb7 Kf3 67. Rf7+ Ke3 68. Ra7 Re6 69. Kg2 Ne5 70. Rg7 Rg6+ 0-1

[Event "248"]
[Site "http://www.queenalice.com/game.php?id=313554"]
[Date "2007.12.2"]
[Round "-"]
[White "shtrubi"]
[Black "phystutordotcom"]
[Result "1-0"]
[WhiteElo "2354"]
[BlackElo "2106"]

1. d4 g6 2. c4 Bg7 3. e4 d6 4. Nc3 e5 5. Nge2 Nd7 6. Be3 Ngf6 7. f3 O-O 8. Qd2
c6 9. O-O-O Qe7 10. g4 Nb6 11. b3 a5 12. dxe5 dxe5 13. Bxb6 1-0

[Event "AUTO-OPEN-387"]
[Site "http://www.queenalice.com/game.php?id=319449"]
[Date "2007.12.13"]
[Round "3"]
[White "extinsion_extelar"]
[Black "shtrubi"]
[Result "0-1"]
[WhiteElo "1724"]
[BlackElo "2385"]

1. d4 d5 2. Nf3 Nf6 3. g3 Bg4 4. Bg2 Nbd7 5. O-O e6 6. Nbd2 Be7 7. c4 c6 8. h3
Bh5 9. Qb3 Qb6 10. Qxb6 axb6 11. b3 Bb4 12. g4 Bg6 0-1

[Event "AUTO-OPEN-387"]
[Site "http://www.queenalice.com/game.php?id=319450"]
[Date "2007.12.13"]
[Round "3"]
[White "shtrubi"]
[Black "extinsion_extelar"]
[Result "1-0"]
[WhiteElo "2386"]
[BlackElo "1722"]

1. d4 d5 2. c4 dxc4 3. Nf3 c6 4. e3 b5 5. a4 a6 6. axb5 cxb5 7. b3 cxb3 8. Bxb5+
Bd7 9. Bxd7+ Nxd7 10. Qxb3 Ngf6 11. O-O e6 12. Nbd2 Be7 13. Ba3 1-0

[Event "Challenge"]
[Site "http://www.queenalice.com/game.php?id=322535"]
[Date "2007.12.19"]
[Round "-"]
[White "shtrubi"]
[Black "gerchurches"]
[Result "1-0"]
[WhiteElo "2389"]
[BlackElo "2331"]

1. d4 c6 2. c4 d5 3. Nf3 Nf6 4. Nc3 dxc4 5. a4 Bf5 6. e3 e6 7. Bxc4 Bb4 8. O-O
O-O 9. Qe2 Ne4 10. Bd3 Bxc3 11. bxc3 Nxc3 12. Qc2 Bxd3 13. Qxd3 Nd5 14. Ba3 Re8
15. Rab1 Qc7 16. e4 Nf4 17. Qe3 f6 18. g3 Ng6 19. e5 Na6 20. exf6 gxf6 21. Nd2
Rad8 22. Ne4 Kg7 23. h4 f5 24. Ng5 e5 25. dxe5 Nxe5 26. Rfe1 Rd3 27. Qxa7 b6 28.
Qxc7+ Nxc7 29. Bb2 Rb3 30. f4 Rxb2 31. Rxb2 Nc4 32. Rxe8 Nxe8 33. Re2 Ned6 34.
Re7+ Kg8 35. Rxh7 b5 36. h5 Ne4 37. Rc7 bxa4 38. h6 Nxg5 39. fxg5 Ne5 40. g6
Nxg6 41. Rg7+ 1-0

[Event "Challenge"]
[Site "http://www.queenalice.com/game.php?id=322541"]
[Date "2007.12.19"]
[Round "-"]
[White "Alsina"]
[Black "shtrubi"]
[Result "1/2-1/2"]
[WhiteElo "2420"]
[BlackElo "2385"]

1. Nf3 d5 2. d4 Nf6 3. c4 c6 4. Nc3 dxc4 5. a4 Bf5 6. e3 e6 7. Bxc4 Bb4 8. O-O
O-O 9. Be2 c5 10. Na2 Nc6 11. Nxb4 Nxb4 12. dxc5 Nc2 13. Ra2 Rc8 14. Nd4 Rxc5
15. Nxf5 exf5 1/2-1/2

[Event "Kasparov vs Bronstein Board_2 "]
[Site "http://www.queenalice.com/game.php?id=326104"]
[Date "2007.12.26"]
[Round "-"]
[White "maeaton"]
[Black "shtrubi"]
[Result "1/2-1/2"]
[WhiteElo "2300"]
[BlackElo "2388"]

1. e4 e5 2. Nf3 Nf6 3. d4 Nxe4 4. Bd3 d5 5. Nxe5 Nd7 6. Nxd7 Bxd7 7. O-O Bd6 8.
Qh5 Nf6 9. Re1+ Kf8 10. Qh4 Ng4 11. Qxd8+ Rxd8 12. h3 Nf6 13. Nc3 h6 14. Nb5
Bxb5 15. Bxb5 g6 1/2-1/2